000 00276nam a22001217a 4500
999 _c156595
_d156595
082 _a
_b
245 _aDictionary of literary terms/
_cby Gaganraj (ed.).
260 _aNew Delhi:
_bAnmol,
_c1992.
300 _a184p.
650 _a
700 _aGaganraj (ed.)
942 _cBK